| 000 | 01318nam0a22003491 4500 | ||
|---|---|---|---|
| 001 | RU\NLR\A1SV\76045 | ||
| 005 | 20251203171251.9 | ||
| 035 | _a(NLR Aleph) 009757535 | ||
| 090 |
_a10005562 _c10005562 |
||
| 100 | _a20070118d1925 u y0rusy50 ca | ||
| 101 | 0 | _arus | |
| 102 | _aRU | ||
| 200 | 1 |
_aI. Применение дизель-моторов большой мощности на центральных электрических станциях _fИнж.: П.Г.Грудинский и А.М.Литвин _cII. Эксплуатация реле _fH.H.Green _gСокр. пер. ст. "Relay Practice", помещ. в "Electric Journal". 1924. № 7 |
|
| 210 |
_a[М.] _cБюл. МОГЭС _d[1925] |
||
| 215 |
_a32 с., 1 л. табл. _cил. _d35 см |
||
| 300 | _aНапеч. на пиш. маш. Стеклогр. | ||
| 620 | _dМосква | ||
| 700 | 1 |
_aГрудинский _bП.Г. _f1894- _gПетр Григорьевич |
|
| 701 | 1 |
_aЛитвин _bА.М. _gАлександр Моисеевич |
|
| 702 | 1 |
_6z01790 _aГрин _bГ.Г. |
|
| 790 | 1 |
_6z01702 _aGreen _bH.H. |
|
| 801 | 0 |
_aRU _bNLR _c20070118 |
|
| 899 | _aРГБ | ||
| 899 | _aБАН | ||
| 899 | _aРКП | ||
| 899 | _aРГБ | ||
| 899 | _aБАН | ||
| 899 | _aРКП | ||
| 942 | _cBOOK | ||
| 980 | _aNB | ||
| 980 | _aA1SV | ||